00549nam a22002057a 4500003000500000005001700005008004100022010001000063011001000073035001000083040000900093082001700102100002000119245004000139260003600179300001100215490004500226650002700271830004500298CHAP20220329140544.0971013s1973 r 00010 d a53853 a54825 a58977 cCHAP a001.6424bW500aWichmann, B. A. aAlgol 60 compilation and assessment aLondon :bAcademic Press,c1973 a320 p. aA.P.I.C. studies in data procesingv; 1014aALGOL (Programación)0 aA.P.I.C. studies in data procesingv; 10